000 00423nam a2200181Ia 4500
001 10451
005 20260306161833.0
008 260306t1989||||xx |||||||||||||| ||spa||
041 _aESP
082 _a929.7
_bV78
100 _aVizcaíno Casas, Fernando
_eAUT
245 0 _aIsabel, camisa vieja
260 _c1989
300 _a196 páginas :
_c21 cm.
650 _aGEN
654 _aCHU
942 _cLIB
_dJUS
_fJUS
_2ddc
_n
999 _c10451
_d10451